000 00727cam a2200241 4500
001 J328
008 090401t1990 xxu||||| |||| 00| 0 eng d
035 _a(Sirsi) u74434
041 _aeng
050 _a692.9
090 _aJCT 1990/9A
110 _aJoint Contracts Tribunal
_93664
245 _aArticles of agreement (and) sub-contract conditions: Domestic Sub-contract DOM/1 (1980 edition): amendment 9 issued July 1990: miscellaneous amendments.
260 _aLondon
_bBEC
_c1990
300 _a4p. ; 30cm.
350 _a0
650 _aDOM/1
650 _aJCT STANDARD FORM OF CONTRACT 1980
650 _aSUBCONTRACTS
690 _aBUILT ENVIRONMENT-BUILDING CONTRACT FORMS
942 _n0
948 _c04/03/1997
999 _c95850
_d95850